000 00913nam a22003017a 4500
003 CHAP
005 20220817041713.0
008 971013s1974 r 00010 d
010 _a22009
011 _a22981
035 _a27076
040 _cCHAP
082 _a025.5
_bC6
100 0 0 _aColeman, Kathleen.
_925119
245 _aHow to use the library
260 _aSan Diego, Calif. :
_bSan DIego State University,
_c1974
300 _a91 h.
590 _aBATCH-UPD
_b10
_c20130110
_lUCH01
_h2056
590 _aBATCH-UPD
_b10
_c20130410
_lUCH01
_h1409
590 _aBATCH-UPD
_b10
_c20130914
_lUCH01
_h0622
590 _aCONVERSION
_b10
_c20130109
_lUCH01
_h1313
650 1 4 _aBibliotecas universitarias.
650 1 4 _aBibliotecas
_xOrientación a los usuarios.
_912528
700 0 _aDintrone, Charles
_ecoaut.
_932633
901 _aBK
942 _cLIBRO
949 _a025.5 C6
_bBC
_cB
_d-62710
_eB
_h60912
_i27076
_si
999 _c22009
_d22009